| Tag |
First Indicator |
Second Indicator |
Subfields |
| LEADER |
00000cam a2200000 i 4500 |
| 001 |
in00000093848 |
| 005 |
20150927070225.0 |
| 008 |
741202s1974 vauaf b 00110 eng |
| 010 |
|
|
|a 73078366
|
| 020 |
|
|
|z 0879350091.
|
| 020 |
|
|
|a 0879350083 (pbk. :)
|c $4.50
|
| 035 |
|
|
|a (OCoLC)01129931
|
| 035 |
|
|
|9 AAL5699AM
|
| 040 |
|
|
|a DLC
|c DLC
|d TXA
|d UtOrBLW
|
| 043 |
|
|
|a n-us-va
|
| 049 |
|
|
|a TXAM
|c [1339024]
|
| 050 |
0 |
0 |
|a TS533.3.V8
|b G54
|
| 082 |
0 |
|
|a 683/.4/009755
|
| 100 |
1 |
|
|a Gill, Harold B.
|
| 245 |
1 |
4 |
|a The gunsmith in colonial Virginia /
|c by Harold B. Gill, Jr.
|
| 264 |
|
1 |
|a Williamsburg, Va. :
|b Colonial Williamsburg Foundation ;
|c [1974]
|
| 264 |
|
2 |
|a Charlottesville :
|b Distributed by the University Press of Virginia,
|
| 300 |
|
|
|a vii, 139 pages, 6 unnumbered leaves of plates :
|b illustrations ;
|c 24 cm.
|
| 336 |
|
|
|a text
|b txt
|2 rdacontent
|
| 337 |
|
|
|a unmediated
|b n
|2 rdamedia
|
| 338 |
|
|
|a volume
|b nc
|2 rdacarrier
|
| 490 |
1 |
|
|a Williamsburg research studies
|
| 500 |
|
|
|a Includes index.
|
| 504 |
|
|
|a Bibliography: pages 129-134.
|
| 650 |
|
0 |
|a Gunsmiths
|z Virginia.
|
| 650 |
|
0 |
|a Firearms industry and trade
|z Virginia
|x History.
|
| 651 |
|
0 |
|a Virginia
|x History.
|
| 830 |
|
0 |
|a Williamsburg research studies.
|
| 999 |
|
|
|a MARS
|
| 999 |
f |
f |
|s f9a91cdd-9d65-3f3c-925b-41ba47ce5865
|i 927be8c9-9d15-3309-bc85-5815a3679592
|t 0
|
| 952 |
f |
f |
|p normal
|a Texas A&M University
|b College Station
|c Sterling C. Evans Library
|d Evans: Library Stacks
|t 0
|e TS533.3.V8 G54
|h Library of Congress classification
|i unmediated -- volume
|m A14805647244
|
| 998 |
f |
f |
|a TS533.3.V8 G54
|t 0
|l Evans: Library Stacks
|